An introduction to galaxies and cosmology / (Record no. 8572)
[ view plain ]
| 000 -LEADER | |
|---|---|
| fixed length control field | 01413cam a2200349 a 4500 |
| 001 - CONTROL NUMBER | |
| control field | 13670624 |
| 003 - CONTROL NUMBER IDENTIFIER | |
| control field | OSt |
| 005 - DATE AND TIME OF LATEST TRANSACTION | |
| control field | 20240617160456.0 |
| 008 - FIXED-LENGTH DATA ELEMENTS--GENERAL INFORMATION | |
| fixed length control field | 040729s2004 enka b 001 0 eng d |
| 010 ## - LIBRARY OF CONGRESS CONTROL NUMBER | |
| LC control number | 2005533189 |
| 020 ## - INTERNATIONAL STANDARD BOOK NUMBER | |
| International Standard Book Number | 0521837383 |
| 020 ## - INTERNATIONAL STANDARD BOOK NUMBER | |
| International Standard Book Number | 0521546230 (pbk.) |
| 035 ## - SYSTEM CONTROL NUMBER | |
| System control number | (OCoLC)ocm55988284 |
| 040 ## - CATALOGING SOURCE | |
| Original cataloging agency | H2K |
| Transcribing agency | must |
| Modifying agency | DLC |
| 042 ## - AUTHENTICATION CODE | |
| Authentication code | lccopycat |
| 050 00 - LIBRARY OF CONGRESS CALL NUMBER | |
| Classification number | QB857 |
| Item number | .I67 2004 |
| 082 ## - DEWEY DECIMAL CLASSIFICATION NUMBER | |
| Classification number | 523.1 INT 2004 |
| 245 03 - TITLE STATEMENT | |
| Title | An introduction to galaxies and cosmology / |
| Statement of responsibility, etc. | edited by Mark H. Jones and Robert J. Lambourne ; authors, David J. Adams ... [et al.]. |
| 260 ## - PUBLICATION, DISTRIBUTION, ETC. (IMPRINT) | |
| Place of publication, distribution, etc. | Milton Keynes : |
| Name of publisher, distributor, etc. | Open University ; |
| Place of publication, distribution, etc. | Cambridge, UK ; |
| -- | New York : |
| Name of publisher, distributor, etc. | Cambridge University Press, |
| Date of publication, distribution, etc. | 2004. |
| 300 ## - PHYSICAL DESCRIPTION | |
| Extent | vi, 442 p. : |
| Other physical details | ill. (some col.) ; |
| Dimensions | 27 cm. |
| 504 ## - BIBLIOGRAPHY, ETC. NOTE | |
| Bibliography, etc | Includes bibliographical references (p. 431-434) and index. |
| 650 #0 - SUBJECT ADDED ENTRY--TOPICAL TERM | |
| Topical term or geographic name as entry element | Galaxies |
| Form subdivision | Textbooks. |
| 9 (RLIN) | 17384 |
| 650 #0 - SUBJECT ADDED ENTRY--TOPICAL TERM | |
| Topical term or geographic name as entry element | Cosmology |
| Form subdivision | Textbooks. |
| 9 (RLIN) | 399 |
| 700 1# - ADDED ENTRY--PERSONAL NAME | |
| Personal name | Jones, Mark H. |
| Fuller form of name | (Mark Henry) |
| 9 (RLIN) | 17385 |
| 700 1# - ADDED ENTRY--PERSONAL NAME | |
| Personal name | Lambourne, Robert J. |
| 9 (RLIN) | 17386 |
| 700 1# - ADDED ENTRY--PERSONAL NAME | |
| Personal name | Adams, D. J. |
| Fuller form of name | (David John) |
| 9 (RLIN) | 17387 |
| 856 41 - ELECTRONIC LOCATION AND ACCESS | |
| Materials specified | Table of contents |
| Uniform Resource Identifier | http://www.loc.gov/catdir/toc/cam051/2004301655.html |
| 856 42 - ELECTRONIC LOCATION AND ACCESS | |
| Materials specified | Publisher description |
| Uniform Resource Identifier | http://www.loc.gov/catdir/description/cam051/2004301655.html |
| 906 ## - LOCAL DATA ELEMENT F, LDF (RLIN) | |
| a | 7 |
| b | cbc |
| c | copycat |
| d | 3 |
| e | ncip |
| f | 20 |
| g | y-gencatlg |
| 942 ## - ADDED ENTRY ELEMENTS (KOHA) | |
| Source of classification or shelving scheme | Other/Generic Classification Scheme |
| Koha item type | Open Shelf |
| Withdrawn status | Lost status | Source of classification or shelving scheme | Damaged status | Not for loan | Home library | Current library | Date acquired | Source of acquisition | Inventory number | Total Checkouts | Full call number | Barcode | Date last seen | Price effective from | Koha item type |
|---|---|---|---|---|---|---|---|---|---|---|---|---|---|---|---|
| Other/Generic Classification Scheme | MUST Main Library | MUST Main Library | 17/06/2024 | Donation | 11/35443 | 523.1 INT 2004 | 2024-20702 | 17/06/2024 | 17/06/2024 | Open Shelf |
